000 00316nam a22001337a 4500
008 181015b xxu||||| |||| 00| 0 eng d
020 _a9780804717700
041 _aeng
080 _a101
100 _a24
101 _afil
245 _aEvolution And The Myth Of Greatinism
_cBerra.t. m
942 _2udc
_cBK
999 _c49754
_d49754